[Event "Brno /Olexa/"]
[Site "?"]
[Date "2024.12.29"]
[Round "5"]
[White "Mudrak, Josef"]
[Black "Jires, Jiri"]
[Result "1/2-1/2"]
[WhiteElo "2194"]
[BlackElo "2134"]
[PlyCount "120"]
[EventDate "2024.12.??"]

{[%evp 0,116,35,30,7,30,23,-10,-12,-12,6,-6,26,4,8,-15,3,-25,-7,-13,-16,-9,23,-44,20,-16,5,11,5,-12,11,-30,21,-11,-11,-12,1,-8,19,-39,-16,-39,-21,-38,-29,0,0,-65,-65,-125,-125,-257,-269,-408,-408,-408,-372,-499,-298,-294,-183,-183,-183,-251,-103,-115,-107,-104,-98,-115,-122,-122,-131,-109,-95,-96,-111,-111,-68,-125,-145,-152,-112,-115,-75,-117,-117,-117,-115,-118,-108,-117,-105,-101,-102,-102,-98,-98,-98,-98,-98,-98,-98,-98,-97,-98,-98,-98,-98,-98,-98,-98,-98,-104,-104,-104,-104,-104,-104]} 1. d4 Nf6 2. Nf3 d5 3. g3 Bf5 4. Bg2 e6 5. O-O c6 6. c4 Nbd7 7. b3 Be7 8. Bb2 O-O 9. Nc3 h6 10. Nd2 a5 11. Re1 Qb6 12. a3 Rfe8 13. c5 Qc7 {(R)} 14. b4 e5 15. e3 Bf8 16. Nb3 axb4 17. axb4 b6 18. Rxa8 Rxa8 19. dxe5 Nxe5 20. cxb6 Qxb6 21. Nxd5 Nxd5 22. Bxe5 Bxb4 23. Bd4 Qb5 24. Rf1 {(R)} Bd3 25. e4 Nc3 26. Qg4 Ne2+ 27. Kh1 Bf8 28. Bf3 Nxd4 29. Nxd4 Qc4 30. Ne2 Ra4 31. h4 Bxe4 32. Bxe4 Qxe4+ 33. Qxe4 Rxe4 34. Nc1 c5 35. Kg2 c4 36. Kf3 Re6 37. Ne2 Bc5 38. Nf4 Rc6 39. Ke4 c3 40. Nd3 Ba3 41. Ra1 Bb2 42. Nxb2 cxb2 43. Ra8+ Kh7 44. Rb8 Rc2 45. f3 g6 46. g4 Kg7 47. g5 h5 48. Ke3 Rc3+ 49. Kf2 Rc2+ 50. Ke3 Rh2 51. f4 Rh3+ 52. Ke4 Rh2 53. Ke5 Rf2 54. Ke4 Re2+ 55. Kf3 Rh2 56. Kg3 Rc2 57. f5 gxf5 58. Kf4 Rf2+ 59. Kg3 Rc2 60. Kf4 Rf2+ 1/2-1/2

[Event "Brno /Olexa/"]
[Site "?"]
[Date "2024.12.29"]
[Round "5"]
[White "Svobodova, Michaela"]
[Black "Vyskocil, Neklan"]
[Result "1/2-1/2"]
[WhiteElo "2001"]
[BlackElo "2260"]
[PlyCount "36"]
[EventDate "2024.12.??"]

{[%evp 0,36,19,21,54,-14,19,21,21,21,7,9,43,34,29,30,11,17,25,27,27,27,35,33,32,40,40,17,17,11,11,0,9,-27,14,2,30,-39,31]} 1. e4 c5 2. g3 Nc6 3. Bg2 g6 4. Ne2 Bg7 5. O-O e6 6. c3 Nge7 7. d4 cxd4 8. cxd4 d5 9. Nbc3 dxe4 10. Nxe4 O-O 11. Bg5 f6 12. Be3 Nd5 13. Nf4 Nxf4 14. Bxf4 f5 15. d5 Nd4 16. Nc3 e5 17. Be3 Bd7 18. Qd2 Qa5 {(R)} 1/2-1/2

[Event "Brno /Olexa/"]
[Site "?"]
[Date "2024.12.29"]
[Round "5"]
[White "Sknouril, Jakub"]
[Black "Kapusta, Petr"]
[Result "0-1"]
[WhiteElo "1940"]
[BlackElo "2123"]
[PlyCount "148"]
[EventDate "2024.12.??"]

1. Nc3 c5 2. Nf3 Nf6 3. e3 g6 4. d4 cxd4 5. exd4 Bg7 6. Bf4 d6 7. Qd2 O-O 8. Be2 Bf5 9. O-O Nc6 10. Bd3 Bg4 11. Be2 Nh5 12. Be3 Nf6 13. h3 Bf5 14. Bd3 {(R)} Bxd3 15. Qxd3 a6 16. Rad1 Rc8 17. Qd2 Qc7 18. Rfe1 Na5 19. Nb1 Nc4 20. Qc3 Nxe3 21. Rxe3 Nd5 22. Qxc7 Rxc7 23. Re2 Rfc8 24. Ne1 b5 25. a3 f5 26. Nd2 Nf4 27. Re3 Bxd4 28. Rf3 e5 29. Nb3 Ne2+ 30. Kf1 e4 31. Nxd4 exf3 32. Ndxf3 Nf4 33. Rxd6 Rc6 34. Rd7 R8c7 35. Rd8+ Kg7 36. Nd4 Rf6 37. Nb3 Ne6 38. Rd5 Nf4 39. Rd4 g5 40. h4 h6 41. c3 Ne6 42. Rd3 g4 43. Re3 Rd7 44. Rxe6 Rxe6 45. Nc5 Rdd6 46. Nxe6+ Rxe6 47. Nc2 Kf6 48. Nd4 Re8 49. g3 h5 50. Ne2 Kg6 51. Nf4+ Kh6 52. Ng2 Re4 53. Nf4 a5 54. b3 a4 55. b4 Re8 56. Ne2 Kg6 57. Nd4 Re5 58. Nc6 Re4 59. Nd4 f4 60. gxf4 Rxf4 61. Ke2 Re4+ 62. Kd2 Re5 63. Kd1 {(R)} Kf6 64. Kd2 Rd5 65. Kd3 Ke5 66. Ke3 Kd6 67. Kd3 Re5 68. Ne2 Rf5 69. Nd4 Rxf2 70. Nxb5+ Kd7 71. Nd4 g3 72. Ke3 Rf1 73. Nf3 g2 74. Ne5+ Kc7 0-1

[Event "Brno /Olexa/"]
[Site "?"]
[Date "2024.12.29"]
[Round "5"]
[White "Nerud, Matous"]
[Black "Zacek, Petr"]
[Result "1/2-1/2"]
[WhiteElo "1918"]
[BlackElo "1928"]
[PlyCount "44"]
[EventDate "2024.12.??"]

1. c4 e5 2. Nc3 Bb4 3. Nf3 Bxc3 4. bxc3 Nc6 5. e4 d6 6. Be2 Nf6 7. Qc2 O-O 8. O-O Qe7 9. h3 h6 10. Rb1 b6 11. a4 Bd7 12. Ba3 Na5 13. Bb4 Nb7 14. Rfe1 Nc5 15. Bxc5 dxc5 16. a5 Bc6 {(R)} 17. d3 Nh5 18. Nd4 exd4 19. Bxh5 Qg5 20. Be2 Bd7 21. Kh2 Qf4+ 22. Kg1 Qg5 1/2-1/2

[Event "Brno /Olexa/"]
[Site "?"]
[Date "2024.12.29"]
[Round "5"]
[White "Wunsch, Radek"]
[Black "Hlavac, Tomas"]
[Result "1/2-1/2"]
[WhiteElo "1980"]
[BlackElo "1690"]
[PlyCount "130"]
[EventDate "2024.12.??"]

{[%evp 0,115,30,11,41,-11,-11,-11,2,-8,2,-31,-35,-33,-8,-19,34,17,60,5,37,35,37,27,27,21,32,18,53,-17,-9,-4,62,-8,-3,-11,1,-5,9,-52,16,7,13,13,13,1,42,42,18,-5,-5,13,-15,0,-14,-6,-5,-25,-25,-84,139,117,101,124,140,157,181,181,101,95,722,753,753,0,0,0,28,28,136,136,227,178,178,178,178,178,178,170,178,105,105,98,92,0,104,0,-6,-71,-132,-208,-91,-85,0,0,0,0,0,-72,-48,-48,-48,-81,-74,-102,-77,-70,-70,-70]} 1. e4 e6 2. f4 d5 3. e5 c5 4. Nf3 Nc6 5. c3 Bd7 6. Na3 a6 7. Nc2 b5 8. d4 cxd4 9. cxd4 Nh6 10. Bd3 Be7 11. O-O O-O 12. h3 f6 13. Be3 fxe5 14. fxe5 Nf5 15. Bf2 Be8 16. Qe1 Bg6 17. Rd1 Qe8 18. Qe2 Rc8 19. a4 Nh6 20. axb5 Bxd3 21. Qxd3 axb5 22. g4 Nf7 23. Be3 Na5 24. Ra1 Nc4 25. Bc1 Qc6 26. Nce1 Ra8 27. Rxa8 Rxa8 28. Ng2 Ra1 29. Nf4 Ng5 30. Nxg5 Bxg5 31. Nxe6 Rxc1 32. Nxg5 Rxf1+ 33. Qxf1 Qg6 34. e6 h6 35. e7 Qe8 36. Ne6 Qxe7 37. Qf5 Nxb2 38. Qxd5 b4 39. Ng5+ Kf8 40. Qf5+ Ke8 41. Qc8+ Qd8 42. Qe6+ Qe7 43. Qc8+ Qd8 44. Qc6+ Qd7 45. Qg6+ Kd8 46. Nf7+ Kc7 47. Qxg7 Nc4 48. d5 Nd6 49. Qxh6 Nxf7 50. Qf4+ Nd6 51. Qxb4 Kd8 52. Qb8+ Ke7 53. Qg8 Qa7+ 54. Kg2 Qa2+ 55. Kf3 Qb3+ 56. Kf4 Qc4+ 57. Kg5 Nf7+ 58. Kh4 Qxd5 59. Qg7 Qe6 60. g5 Qe4+ 61. Kh5 Qf3+ 62. Kg6 Qd3+ 63. Kh5 Qxh3+ 64. Kg6 Qd3+ 65. Kh5 Qh3+ 1/2-1/2

[Event "Brno /Olexa/"]
[Site "?"]
[Date "2024.12.29"]
[Round "5"]
[White "Sorf, Filip"]
[Black "Milicevic, David"]
[Result "1-0"]
[WhiteElo "1705"]
[BlackElo "1729"]
[PlyCount "75"]
[EventDate "2024.12.??"]

1. e4 c6 2. Nf3 d5 3. Nc3 dxe4 4. Nxe4 Nf6 5. Nxf6+ exf6 6. Bc4 Bd6 7. O-O O-O 8. h3 Re8 9. d4 Be6 10. Bd3 b5 11. c3 Nd7 12. Qc2 Nf8 13. a4 a6 14. b4 Bd5 15. Nd2 Bc7 16. Ne4 Qe7 17. Ng3 Qe6 18. Ra3 Ng6 19. Bd2 Bc4 20. Rfa1 bxa4 21. Bxc4 Qxc4 22. Rxa4 Bxg3 23. fxg3 Re2 24. Ra5 Rae8 25. Rc5 Qe6 26. Rxa6 Ne7 27. b5 Qc8 28. Qd3 Ng6 29. Raxc6 Qa8 30. Qxe2 Rxe2 31. Rc8+ Re8 32. Rxa8 Rxa8 33. Bf4 Kf8 34. b6 Ra1+ 35. Kf2 Rb1 36. Bc7 Ke8 37. Rd5 Ne7 38. Rd8# 1-0

[Event "Brno /Olexa/"]
[Site "?"]
[Date "2024.12.29"]
[Round "5"]
[White "Hajek, Oskar"]
[Black "Sorf, Ivo"]
[Result "1-0"]
[WhiteElo "2265"]
[BlackElo "1585"]
[PlyCount "59"]
[EventDate "2024.12.??"]

1. d4 d5 2. Nc3 Bf5 3. f3 Nf6 4. Bg5 Nbd7 5. Nxd5 Nxd5 6. e4 h6 7. Bc1 e6 8. exf5 exf5 9. c4 Bb4+ 10. Kf2 N5f6 11. Bd3 g6 12. Qe2+ Qe7 13. a3 Qxe2+ 14. Nxe2 Be7 15. Nc3 c6 16. Re1 Kf8 17. b4 Re8 18. Bb2 Rg8 19. c5 Bd8 20. Bc4 h5 21. d5 Ne5 22. Bf1 cxd5 23. Nxd5 Ned7 24. Rxe8+ Nxe8 25. Bb5 Bf6 26. Nxf6 Ndxf6 27. Re1 Nc7 28. Bxf6 Nxb5 29. Re7 Nd4 30. Rc7 1-0

[Event "Brno /Olexa/"]
[Site "?"]
[Date "2024.12.29"]
[Round "5"]
[White "Horak, Hanus"]
[Black "Pribyl, Rene"]
[Result "1/2-1/2"]
[WhiteElo "1648"]
[BlackElo "1901"]
[PlyCount "67"]
[EventDate "2024.12.??"]

1. d4 d5 2. c4 c6 3. Nc3 Nf6 4. Nf3 Bf5 5. Bg5 e6 6. e3 h6 7. Bh4 Nbd7 8. cxd5 cxd5 9. Bxf6 gxf6 10. Bd3 Bxd3 11. Qxd3 f5 12. O-O a6 13. Rac1 Bd6 14. Ne2 O-O 15. g3 Qa5 16. a3 Rfc8 17. Rc3 Rxc3 18. Qxc3 Qxc3 19. Nxc3 Rc8 20. Rc1 b5 21. Ne2 Rc4 22. Nd2 Rxc1+ 23. Nxc1 Nb6 24. Kf1 Nc4 25. Nxc4 dxc4 26. Na2 Kf8 27. Ke1 Ke7 28. Kd2 Kd7 29. Kc3 Kc6 30. Nb4+ Kb6 31. Nc2 Kb7 32. a4 Kb6 33. axb5 axb5 34. Nb4 1/2-1/2

[Event "Brno /Olexa/"]
[Site "?"]
[Date "2024.12.29"]
[Round "5"]
[White "Neduchal, Jiri"]
[Black "Carbonai, Gabriele"]
[Result "1-0"]
[WhiteElo "1858"]
[BlackElo "1557"]
[PlyCount "101"]
[EventDate "2024.12.??"]

1. d4 d5 2. Bf4 Nf6 3. e3 e6 4. Be2 c5 5. c3 Bd6 6. Bxd6 Qxd6 7. Nd2 b6 8. Ngf3 O-O 9. O-O Nbd7 10. Qc2 e5 11. dxe5 Nxe5 12. h3 a5 13. Rfd1 Bb7 14. c4 Ng6 15. cxd5 Nxd5 16. Nc4 Qc7 17. Qf5 Rad8 18. Rac1 Nde7 19. Qh5 Bxf3 20. Bxf3 b5 21. Na3 Rxd1+ 22. Bxd1 Rc8 23. Nxb5 Qb6 24. a4 f5 25. Qg5 h6 26. Qg3 Rd8 27. Bb3+ Kh7 28. Rd1 Rxd1+ 29. Bxd1 Qf6 30. Nc3 c4 31. Qc7 Nc6 32. Bf3 Nge5 33. Bxc6 Nxc6 34. Qb6 Qd6 35. Qb5 Kg6 36. Qxc4 Ne5 37. Qb5 Qc7 38. Qe8+ Kh7 39. Qe6 Nc4 40. Qxf5+ g6 41. Qb5 Nd6 42. Qe5 Qd8 43. Ne4 Nxe4 44. Qxe4 Qd1+ 45. Kh2 Qd6+ 46. f4 Qd2 47. Qd4 Qc2 48. Qd7+ Kh8 49. Qd8+ Kg7 50. Qxa5 Qxb2 51. Qe5+ 1-0

[Event "Brno /Olexa/"]
[Site "?"]
[Date "2024.12.29"]
[Round "5"]
[White "Nisztuk, Michal"]
[Black "Borkovec, Ondrej"]
[Result "0-1"]
[WhiteElo "1622"]
[BlackElo "1788"]
[PlyCount "96"]
[EventDate "2024.12.??"]

1. e4 e6 2. d4 d5 3. exd5 exd5 4. c4 Nf6 5. Nc3 c6 6. Bd3 Be7 7. Nge2 O-O 8. O-O dxc4 9. Bxc4 Bf5 10. Re1 Nbd7 11. Ng3 Bg6 12. Nce2 Nb6 13. Bb3 Nbd5 14. f4 Bd6 15. f5 Bh5 16. Nxh5 Nxh5 17. Bxd5 cxd5 18. g3 Rc8 19. Qb3 Qa5 20. Bg5 Bb4 21. Red1 Rfe8 22. a3 Rxe2 23. axb4 Qb5 24. Qf3 Nf6 25. Bxf6 gxf6 26. Rd3 Rcc2 27. Rc3 Rg2+ 28. Qxg2 Rxg2+ 29. Kxg2 Qe2+ 30. Kg1 Qxb2 31. Rac1 Qxb4 32. Rc7 Qxd4+ 33. Kg2 a5 34. Rf1 Qe4+ 35. Kh3 h5 36. Rf4 Qd3 37. Rxb7 a4 38. Kh4 Qe2 39. h3 a3 40. Ra4 Qc2 41. Rf4 Kf8 42. Ra7 a2 43. Rf1 Qb1 44. Rf4 a1=Q 45. Rxa1 Qxa1 46. Kxh5 Qc1 47. Kh4 d4 48. Rg4 Qh6# 0-1

[Event "Brno /Olexa/"]
[Site "?"]
[Date "2024.12.29"]
[Round "5"]
[White "Zeman, Arnost"]
[Black "Prihoda, Josef"]
[Result "1-0"]
[WhiteElo "1781"]
[BlackElo "1631"]
[PlyCount "75"]
[EventDate "2024.12.??"]

1. d4 Nf6 2. Nf3 e6 3. Nbd2 d5 4. e3 Be7 5. Bd3 Nbd7 6. b3 c5 7. O-O O-O 8. c4 dxc4 9. bxc4 b6 10. Qc2 h6 11. Bb2 Bb7 12. a4 Nb8 13. Rfd1 Nc6 14. Qc3 Rc8 15. dxc5 Bxc5 16. Ne4 Be7 17. Bc2 Qc7 18. Nxf6+ Bxf6 19. Qd3 g6 20. Bxf6 Nb4 21. Qe2 Bxf3 22. gxf3 Nxc2 23. Qxc2 Qb7 24. Kg2 Rc5 25. Qe4 Qc7 26. Rac1 Rf5 27. Bh4 Ra5 28. Bg3 Qc8 29. c5 Rxc5 30. Rxc5 Qxc5 31. Bd6 Qg5+ 32. Qg4 Qd8 33. Bxf8 Qxd1 34. Bxh6 Qd5 35. Bg5 Qe5 36. Bf4 Qa1 37. Bb8 a6 38. Qc4 1-0

[Event "Brno /Olexa/"]
[Site "?"]
[Date "2024.12.29"]
[Round "5"]
[White "Bucek, Miroslav"]
[Black "Hayrumyan, Artur"]
[Result "1-0"]
[WhiteElo "1757"]
[BlackElo "1721"]
[PlyCount "91"]
[EventDate "2024.12.??"]

1. e4 e5 2. Nf3 Bc5 3. d4 exd4 4. Nxd4 Qf6 5. Be3 Nc6 6. c3 d6 7. Bb5 Bd7 8. O-O Qg6 9. Re1 Nf6 10. Nxc6 bxc6 11. Bd3 Bb6 12. Bxb6 axb6 13. e5 Qg5 14. exf6+ Be6 15. fxg7 Rg8 16. Qf3 Kd7 17. Na3 Rxg7 18. g3 h5 19. Bc4 d5 20. Bb3 h4 21. Nc2 hxg3 22. fxg3 Rh8 23. Ne3 f5 24. Nxd5 cxd5 25. Bxd5 Rg6 26. Bxe6+ Rxe6 27. Rxe6 Kxe6 28. Re1+ Kf7 29. Qd5+ Kg6 30. Re6+ Kh5 31. Qf3+ Qg4 32. Qxg4+ Kxg4 33. Kg2 Rh7 34. a4 Rd7 35. h3+ Kh5 36. Kf3 Rd1 37. g4+ fxg4+ 38. hxg4+ Kg5 39. Re5+ Kg6 40. Re7 Rd2 41. b4 Ra2 42. Rxc7 Rxa4 43. Rc6+ Kg5 44. Rxb6 Ra1 45. Rb5+ Kg6 46. g5 1-0

[Event "Brno /Olexa/"]
[Site "?"]
[Date "2024.12.29"]
[Round "5"]
[White "Divis, Jan"]
[Black "Jurak, Stanislav"]
[Result "1/2-1/2"]
[WhiteElo "1706"]
[BlackElo "1761"]
[PlyCount "41"]
[EventDate "2024.12.??"]

1. d4 d5 2. Bf4 Nf6 3. e3 Bg4 4. Be2 Bxe2 5. Qxe2 c6 6. Nd2 e6 7. Ngf3 Be7 8. O-O O-O 9. c4 dxc4 10. Qxc4 Nbd7 11. a3 Nb6 12. Qc2 h6 13. h3 Bd6 14. Bxd6 Qxd6 15. Rac1 Qe7 16. Ne5 Rfd8 17. Ndc4 Nxc4 18. Nxc4 Rac8 19. b4 Nd5 20. Qb2 Qe8 21. Ne5 1/2-1/2

[Event "Brno /Olexa/"]
[Site "?"]
[Date "2024.12.29"]
[Round "5"]
[White "Fox, Viktor"]
[Black "Kapustova, Ema"]
[Result "0-1"]
[WhiteElo "1754"]
[BlackElo "1549"]
[PlyCount "56"]
[EventDate "2024.12.??"]

1. e4 e5 2. Qh5 Nc6 3. Bc4 g6 4. Qf3 Nf6 5. Ne2 Bg7 6. Nbc3 O-O 7. d3 d6 8. h3 Be6 9. Nd5 Bxd5 10. exd5 Nb8 11. Bb3 Re8 12. a3 Na6 13. Bg5 h6 14. Bh4 Nc5 15. Ba2 e4 16. dxe4 Ncxe4 17. O-O-O Qe7 18. Rhe1 h5 19. Nc3 Bh6+ 20. Kb1 Nd2+ 21. Rxd2 Qxe1+ 22. Rd1 Ne4 23. Nxe4 Qxe4 24. Qxe4 Rxe4 25. Bg3 Rae8 26. f3 Re2 27. Rg1 Be3 28. Re1 Bf2 0-1

[Event "Brno /Olexa/"]
[Site "?"]
[Date "2024.12.29"]
[Round "6"]
[White "Jires, Jiri"]
[Black "Kapusta, Petr"]
[Result "0-1"]
[WhiteElo "2134"]
[BlackElo "2123"]
[PlyCount "90"]
[EventDate "2024.12.??"]

{[%evp 0,89,19,29,72,53,96,61,62,53,56,37,85,20,24,29,31,31,31,16,26,8,4,4,5,-40,-68,-2,-1,0,62,40,56,-17,17,22,-1,-8,-8,39,39,-109,-109,-99,-123,-122,-49,-49,-34,-50,-55,-130,-124,-249,-149,-158,-197,-318,-318,-318,-175,-286,-115,-115,-156,-156,-156,-134,-115,-115,-105,-105,-92,-153,-157,-118,-118,-118,-116,-1006,-1124,-1218,-487,-1195,-233,-244,-228,-638,-613,-823,-706,-818]} 1. e4 c5 2. Nf3 d6 3. d4 cxd4 4. Nxd4 Nf6 5. Nc3 a6 6. f4 e5 7. Nf3 Qc7 8. Bd3 Be7 9. O-O O-O 10. Qe1 Nbd7 11. Kh1 Nc5 {(R)} 12. Nh4 b5 13. fxe5 dxe5 14. Bg5 Nxd3 15. cxd3 b4 16. Nd1 Nh5 17. Rc1 Qd8 18. Bxe7 Qxe7 19. Ne3 Nf4 20. Rxf4 exf4 21. Nd5 Qd6 22. Rc6 Qe5 23. Qxb4 Bg4 24. h3 Rab8 25. Qe7 Be6 26. Nf5 Qxb2 27. Qg5 Bxf5 28. Ne7+ Kh8 29. Nxf5 f3 30. gxf3 Qa1+ 31. Rc1 Rb1 32. Rxb1 Qxb1+ 33. Kg2 Qb2+ 34. Kg3 h6 35. Qe7 Qb8+ 36. e5 Re8 37. Qxf7 Qxe5+ 38. Kg4 Rd8 39. d4 Rxd4+ 40. Kh5 Rd8 41. Kg4 Rg8 42. h4 Qf6 43. Qc4 h5+ 44. Kf4 Rf8 45. Qc5 g6 0-1

[Event "Brno /Olexa/"]
[Site "?"]
[Date "2024.12.29"]
[Round "6"]
[White "Vyskocil, Neklan"]
[Black "Mudrak, Josef"]
[Result "1/2-1/2"]
[WhiteElo "2260"]
[BlackElo "2194"]
[PlyCount "39"]
[EventDate "2024.12.??"]

1. e4 d6 2. d4 Nf6 3. Nc3 e5 4. Nf3 exd4 5. Nxd4 Be7 6. Bf4 O-O 7. Qd2 c6 8. Be2 d5 9. exd5 Nxd5 10. Nxd5 Qxd5 11. Bf3 Qd8 12. O-O-O Bf6 13. Rhe1 Qb6 14. Nb3 Be6 15. Be3 Qa6 16. a3 Nd7 17. Be2 Qa4 18. Qb4 Qxb4 19. axb4 b6 20. Nd4 1/2-1/2

[Event "Brno /Olexa/"]
[Site "?"]
[Date "2024.12.29"]
[Round "6"]
[White "Nerud, Matous"]
[Black "Svobodova, Michaela"]
[Result "0-1"]
[WhiteElo "1918"]
[BlackElo "2001"]
[PlyCount "60"]
[EventDate "2024.12.??"]

1. c4 e5 2. Nc3 Bb4 3. Nf3 Bxc3 4. bxc3 d6 5. e4 f5 6. exf5 Bxf5 7. d4 Nc6 8. Bg5 Nf6 9. Nh4 Bd7 10. d5 Na5 11. Bd3 Qe7 12. Bxf6 Qxf6 13. Qh5+ g6 14. Qh6 O-O-O 15. O-O Rdf8 16. Nf3 Qf4 17. Qxf4 Rxf4 18. Nd2 b6 19. g3 Rff8 20. c5 bxc5 21. Rab1 Kd8 22. Nc4 Bf5 23. Rb8+ Ke7 24. Rxf8 Rxf8 25. Nxa5 Bxd3 26. Nc6+ Kd7 27. Rd1 Bc4 28. Nxa7 Ra8 29. Nc6 Rxa2 30. h4 Rc2 0-1

[Event "Brno /Olexa/"]
[Site "?"]
[Date "2024.12.29"]
[Round "6"]
[White "Borkovec, Ondrej"]
[Black "Sorf, Filip"]
[Result "1/2-1/2"]
[WhiteElo "1788"]
[BlackElo "1705"]
[PlyCount "66"]
[EventDate "2024.12.??"]

1. d4 Nf6 2. c4 e6 3. Nf3 c5 4. e3 Be7 5. Nc3 O-O 6. Bd3 d5 7. O-O Nc6 8. b3 b6 9. Bb2 Bb7 10. Rc1 Rc8 11. Bb1 dxc4 12. bxc4 cxd4 13. exd4 Na5 14. c5 bxc5 15. dxc5 Qxd1 16. Rfxd1 Bxf3 17. gxf3 Rxc5 18. Ne4 Rxc1 19. Rxc1 Nd5 20. Bd4 Nf4 21. Kf1 f5 22. Ng3 a6 23. Ne2 Nxe2 24. Kxe2 Rd8 25. Bb6 Rd5 26. Bd3 Bd6 27. h3 Bb4 28. Rc8+ Kf7 29. Rc7+ Kf6 30. Ra7 Nc6 31. Rxa6 Nd4+ 32. Bxd4+ Rxd4 33. a4 h6 {(R)} 1/2-1/2

[Event "Brno /Olexa/"]
[Site "?"]
[Date "2024.12.29"]
[Round "6"]
[White "Hlavac, Tomas"]
[Black "Hajek, Oskar"]
[Result "0-1"]
[WhiteElo "1690"]
[BlackElo "2265"]
[PlyCount "84"]
[EventDate "2024.12.??"]

1. e4 d5 2. e5 c5 3. c3 d4 4. Qa4+ Nc6 5. Bb5 Bd7 6. cxd4 a6 7. Be2 cxd4 8. Nf3 d3 9. Bxd3 Nxe5 10. Qe4 Bc6 11. Qxe5 Qxd3 12. Qe3 Qg6 13. O-O Nh6 14. d4 Nf5 15. Qf4 e6 16. Nc3 Bd6 17. Qg5 Bxf3 18. gxf3 Nxd4 19. Kg2 Nf5 20. Kh1 Qxg5 21. Bxg5 Be7 22. Bf4 O-O 23. Ne4 Rac8 24. Rac1 Nd4 25. Ng3 Nxf3 26. Kg2 Nh4+ 27. Kh3 Ng6 28. Be3 f5 29. Ne2 Bf6 30. b3 e5 31. Nc3 Rfd8 32. Na4 f4 33. Rxc8 Rxc8 34. Rc1 Rd8 35. Bb6 Rd3+ 36. Kg2 f3+ 37. Kf1 Rd2 38. Nc5 Rxa2 39. Nxb7 e4 40. Nc5 Bd4 41. Nd7 Rxf2+ 42. Ke1 Re2+ 0-1

[Event "Brno /Olexa/"]
[Site "?"]
[Date "2024.12.29"]
[Round "6"]
[White "Zacek, Petr"]
[Black "Wunsch, Radek"]
[Result "1/2-1/2"]
[WhiteElo "1928"]
[BlackElo "1980"]
[PlyCount "178"]
[EventDate "2024.12.??"]

1. d4 Nf6 2. Bg5 d5 3. Nf3 Ne4 4. Bf4 c5 5. e3 Nc6 6. c3 Qb6 7. Qb3 c4 8. Qxb6 axb6 9. Ne5 g5 10. Bg3 Bf5 11. Nxc6 bxc6 12. Nd2 e6 13. Nxe4 Bxe4 14. f3 Bg6 15. Be2 b5 16. Kd2 Be7 17. h4 gxh4 18. Bxh4 Bd6 19. Bf6 Rg8 20. Be5 Be7 21. g4 b4 22. a3 f6 23. Bg3 bxa3 24. bxa3 Ra4 25. Bd1 Rxa3 26. Rxa3 Bxa3 27. Ba4 Kd7 28. Ra1 Be7 29. Bc2 {(R)} Bxc2 30. Kxc2 f5 31. Ra7+ Ke8 32. Ra8+ Kf7 33. Ra7 fxg4 34. Bh4 Re8 35. fxg4 Kf8 36. Bg3 Rc8 37. Bf4 c5 38. Be5 cxd4 39. exd4 h6 40. Bf4 {(R)} Bg5 41. Bxg5 hxg5 42. Rh7 Kg8 43. Rh5 Kf7 44. Rxg5 Kf6 45. Re5 Rg8 46. Re3 Rxg4 47. Kd2 Rg2+ 48. Kd1 Rg5 49. Kd2 e5 50. dxe5+ Rxe5 51. Rf3+ Ke6 52. Rf8 Rh5 53. Re8+ Kd7 54. Rf8 Rh2+ 55. Kd1 Ke6 56. Rf4 Ke5 57. Rg4 Rh3 58. Kc2 Rh2+ 59. Kd1 Kd6 60. Rg8 Kc5 61. Rd8 {(R)} Kb5 62. Rb8+ Ka4 63. Kc1 Ka3 64. Rb7 Rh3 65. Kc2 Rh2+ 66. Kc1 Ka4 67. Rb8 Ka5 68. Rb7 Rh6 69. Kc2 Rb6 70. Ra7+ Kb5 71. Rd7 Kc5 72. Rd8 Rd6 73. Rb8 d4 74. cxd4+ Kxd4 75. Rh8 Re6 76. Rd8+ Kc5 77. Rc8+ Rc6 78. Rxc6+ Kxc6 79. Kc3 Kb5 80. Kc2 Kc5 81. Kc3 Kd5 82. Kc2 Kd4 83. Kd2 c3+ 84. Kc2 Kc4 85. Kc1 Kd4 86. Kc2 Kc4 87. Kc1 Kd3 88. Kd1 c2+ 89. Kc1 Kc3 1/2-1/2

[Event "Brno /Olexa/"]
[Site "?"]
[Date "2024.12.29"]
[Round "6"]
[White "Neduchal, Jiri"]
[Black "Sknouril, Jakub"]
[Result "0-1"]
[WhiteElo "1858"]
[BlackElo "1840"]
[PlyCount "40"]
[EventDate "2024.12.??"]

1. Nf3 Nf6 2. g3 d5 3. Bg2 g6 4. O-O c5 5. c4 Bg7 6. cxd5 Nxd5 7. Nc3 Nc6 8. Nxd5 Qxd5 9. d3 O-O 10. Qa4 Qh5 11. Qh4 Qxh4 12. Nxh4 Bd7 13. Bd2 Rac8 14. Bc3 Nd4 15. Bxb7 Nxe2+ 16. Kg2 Rb8 17. Bxg7 Kxg7 18. Ba6 g5 19. Nf3 Bc6 20. g4 Nd4 0-1

[Event "Brno /Olexa/"]
[Site "?"]
[Date "2024.12.29"]
[Round "6"]
[White "Levchenko, Alisa"]
[Black "Zeman, Arnost"]
[Result "1-0"]
[WhiteElo "1700"]
[BlackElo "1781"]
[PlyCount "95"]
[EventDate "2024.12.??"]

{[%evp 0,95,19,31,14,27,46,31,31,27,43,40,81,21,38,11,23,10,16,-16,23,15,6,27,-1,-43,-33,-37,-2,9,9,-4,10,17,21,36,39,2,16,-17,-10,-22,12,43,44,47,52,55,70,61,169,169,177,176,173,152,187,187,187,169,171,128,203,-222,288,298,315,315,345,178,343,311,309,309,358,306,298,278,287,279,305,165,341,169,346,346,346,360,434,442,466,209,349,199,191,97,196,112]} 1. d4 Nf6 2. Nf3 d6 3. g3 h6 4. Bg2 c5 5. dxc5 Qa5+ 6. Nbd2 Qxc5 7. Nb3 Qc7 8. O-O Nc6 9. Nbd4 Nxd4 10. Nxd4 a6 11. Bd2 Bd7 12. b3 e5 13. Nf3 Rc8 14. c4 Be7 15. Rc1 Ne4 16. Ne1 Nxd2 17. Qxd2 O-O {(R)} 18. h4 b5 19. Bd5 Qb6 20. Ng2 bxc4 21. Rxc4 Rxc4 22. Bxc4 a5 23. Ne3 Be6 24. Rd1 d5 25. Nxd5 Bxd5 26. Qxd5 Qc7 27. Qf3 Ba3 28. Qf5 Bd6 29. Rd5 a4 30. Rd3 Rd8 31. bxa4 e4 32. Qxe4 Bc5 33. Rxd8+ Qxd8 34. Qd5 Qe7 35. Bd3 g5 36. Qf5 Qd6 37. Kg2 gxh4 38. Qg4+ Kf8 39. Qxh4 Qc6+ 40. Qe4 Qf6 41. Qf3 Qe6 42. a5 Qxa2 43. a6 Qa5 44. Bc4 Qc7 45. Qb7 Qe7 46. Qxe7+ Kxe7 47. Kh3 Kf6 48. Kg4 1-0

[Event "Brno /Olexa/"]
[Site "?"]
[Date "2024.12.29"]
[Round "6"]
[White "Horak, Hanus"]
[Black "Bucek, Miroslav"]
[Result "1/2-1/2"]
[WhiteElo "1648"]
[BlackElo "1757"]
[PlyCount "117"]
[EventDate "2024.12.??"]

1. d4 d5 2. c4 c6 3. Nc3 e6 4. Nf3 Nf6 5. Bg5 Nbd7 6. e3 Qa5 7. Qa4 Qxa4 8. Nxa4 Bb4+ 9. Nc3 Ne4 10. Rc1 Nxg5 11. Nxg5 h6 12. Nf3 O-O 13. cxd5 exd5 14. Be2 Nf6 15. O-O Re8 16. a3 Bd6 17. b4 a6 18. Na4 Bg4 19. h3 Bh5 20. Nc5 Rab8 21. Rb1 Ne4 22. Rb2 Nc3 23. Bd3 Bxf3 24. gxf3 Nb5 25. Bxb5 axb5 26. Ra1 Bxc5 27. bxc5 Ra8 28. Rba2 Ra4 29. Kg2 f5 30. Rb2 Rea8 31. Rb3 Kf7 32. Kg3 Kf6 33. f4 g6 34. h4 R8a7 35. Kf3 b4 36. Ra2 Rxa3 37. Rab2 Rxb3 38. Rxb3 Ra4 39. Kg3 h5 40. Kf3 Ke6 41. Ke2 Kd7 42. Kd3 Kc7 43. Kc2 b6 44. Rb1 bxc5 45. dxc5 Ra5 46. Rxb4 Rxc5+ 47. Kd2 Rb5 48. Ra4 c5 49. Ra7+ Rb7 50. Ra8 Rb6 51. Rg8 Rd6 52. Kd3 Kc6 53. Rc8+ Kb5 54. Rb8+ Rb6 55. Rd8 c4+ 56. Kc3 Kc5 57. Rc8+ Rc6 58. Rb8 Rb6 59. Rc8+ 1/2-1/2

[Event "Brno /Olexa/"]
[Site "?"]
[Date "2024.12.29"]
[Round "6"]
[White "Carbonai, Gabriele"]
[Black "Nisztuk, Michal"]
[Result "0-1"]
[WhiteElo "1557"]
[BlackElo "1622"]
[PlyCount "108"]
[EventDate "2024.12.??"]

1. e4 e5 2. Nf3 Nc6 3. Bc4 Nf6 4. Ng5 d5 5. exd5 Nd4 6. c3 Nf5 7. O-O Nd6 8. Bb3 h6 9. Nf3 Bg4 10. h3 Bxf3 11. Qxf3 e4 12. Qe2 Be7 13. Ba4+ Kf8 14. c4 Nf5 15. d3 Bc5 16. dxe4 Ng3 17. Qd1 Nxf1 18. Qxf1 Nxe4 19. Be3 Qf6 20. Bxc5+ Nxc5 21. Nc3 Nxa4 22. Nxa4 b6 23. Nc3 g6 24. Qd3 Kg7 25. Rd1 Rad8 26. b3 Rhe8 27. Ne4 Qe5 28. Re1 f5 29. f3 fxe4 30. Rxe4 Qa1+ 31. Kh2 Rxe4 32. Qxe4 Qf6 33. a4 Rd7 34. b4 Qd6+ 35. g3 Re7 36. Qd3 Qxb4 37. Qd4+ Kh7 38. h4 Re2+ 39. Kh3 Qf8 40. h5 Qf5+ 41. Qg4 Qxg4+ 42. Kxg4 gxh5+ 43. Kxh5 Re3 44. Kg4 Rc3 45. Kf4 Rxc4+ 46. Ke5 Rxa4 47. Ke6 Rd4 48. f4 Kg7 49. Ke5 Rd3 50. g4 Rh3 51. Kf5 a5 52. g5 hxg5 53. fxg5 Rg3 54. Kf4 Rg1 0-1

[Event "Brno /Olexa/"]
[Site "?"]
[Date "2024.12.29"]
[Round "6"]
[White "Sorf, Ivo"]
[Black "Kapustova, Ema"]
[Result "1/2-1/2"]
[WhiteElo "1585"]
[BlackElo "1549"]
[PlyCount "48"]
[EventDate "2024.12.??"]

1. e4 e5 2. Nf3 Nc6 3. Bb5 Nf6 4. d3 Bc5 5. O-O O-O 6. Bxc6 dxc6 7. Be3 Bxe3 8. fxe3 Re8 9. Nbd2 Bg4 10. Qe1 Nh5 11. Qf2 Qf6 12. h3 Bd7 13. g4 Qg6 14. Qg2 Nf6 15. Kf2 h5 16. g5 Nh7 17. Rg1 f6 18. h4 Rf8 19. Ke1 Bg4 20. Nh2 fxg5 21. Nxg4 hxg4 22. Qxg4 Qf6 23. Rf1 Qh6 24. h5 Nf6 {(R)} 1/2-1/2